00258pam a2200121 a 4500020000500000041000500005082001300010100001500023245003400038250001100072260003700083300001600120 c h a658bSLO aSlocum, H. aManagementhTextual Documents a1st ed aNew YorkbAddison - Wesleyc2005 aXXXI/773/C1